书目信息 |
| 题名: |
粉红色的陷井
|
|
| 作者: | 任国富 著 | |
| 分册: | ||
| 出版信息: | 北京 化学工业出版社 1989 |
|
| 页数: | 194页 | |
| 开本: | 18cm | |
| 丛书名: | 世界窗口 | |
| 单 册: | ||
| 中图分类: | D55 | |
| 科图分类: | ||
| 主题词: | 政治事件--世界 , 政治事件 | |
| 电子资源: | ||
| ISBN: | 7-5025-0498-2 | |
| 000 | 00613nam0 2200229 45 | |
| 001 | 0404211080 | |
| 005 | 20050627155328.0 | |
| 010 | @a7-5025-0498-2@dCNY2.20 | |
| 100 | @a20040421d1989 km y0chiy0120 ea | |
| 101 | 0 | @achi |
| 105 | @a z 000yy | |
| 200 | 1 | @a粉红色的陷井@AFen Hong Se De Xian Jing@f任国富著@FRen Guo Fu Zhu |
| 210 | @a北京@c化学工业出版社@d1989 | |
| 215 | @a194页@d18cm | |
| 225 | @a世界窗口@h3 | |
| 410 | @12001 @a世界窗口 | |
| 606 | 0 | @a政治事件@x世界 |
| 606 | 0 | @a政治事件 |
| 690 | @aD55@v3 | |
| 701 | 0 | @a任国富@4著 |
| 801 | @aCN@bPftUser@c20040421 | |
| 905 | @dD55@e46:3@f1@b220414 | |
| 粉红色的陷井/任国富著.-北京:化学工业出版社,1989 |
| 194页;18cm.-(世界窗口.3) |
| ISBN 7-5025-0498-2:CNY2.20 |
| ● |
| 相关链接 |
|
|
|
|
正题名:粉红色的陷井
索取号:D55/46:3
 
预约/预借
| 序号 | 登录号 | 条形码 | 馆藏地/架位号 | 状态 | 备注 |
| 1 | 0220412 | 000482551 | 密集书库/ [索取号:D55/46:3] | 在馆 | |
| 2 | 0220413 | 000482560 | 密集书库/ [索取号:D55/46:3] | 在馆 | |
| 3 | 0220414 | 000482579 | 第一样本阅览室/ [索取号:D55/46:3] | 在馆 |